[Event "Trophee Roza Lallemand Online"]
[Site "Tornelo INT"]
[Date "2020.12.13"]
[Round "9"]
[White "Malry, Celia"]
[Black "Dubois, Martine"]
[Result "0-1"]
[WhiteElo "1562"]
[BlackElo "1780"]
[PlyCount "126"]
[EventDate "2020.12.13"]
[EventType "swiss (rapid)"]
[EventRounds "9"]
[EventCountry "USA"]
[SourceTitle "EXT 2022"]
[Source "ChessBase"]
[SourceDate "2021.10.06"]
[SourceVersion "1"]
[SourceVersionDate "2021.10.06"]
[SourceQuality "1"]

1. c4 c5 2. Nc3 g6 3. g3 Bg7 4. Bg2 Nc6 5. Nf3 e6 6. 0-0 Nge7 7. Rb1 d5 8. d3 d4 9. Ne4 b6 10. a3 Bb7 11. b4 cxb4 12. axb4 0-0 13. b5 Ne5 14. Ba3 Nxc4 15. Bb4 Ne5 16. Nd6 Nxf3+ 17. exf3 Bd5 18. Ne4 Bxe4 19. fxe4 e5 20. Rc1 Rc8 21. Qa4 Rxc1 22. Rxc1 Re8 23. Qxa7 Nc8 24. Qa3 Bf8 25. Bh3 Nd6 26. Rc6 Nxb5 27. Qa6 Bxb4 28. Qxb5 Bc5 29. Rc8 Qxc8 30. Bxc8 Rxc8 31. Qd7 Rf8 32. Qd5 Re8 33. Qd7 Re7 34. Qd5 Kg7 35. f4 f6 36. Kg2 exf4 37. gxf4 Ra7 38. Kg3 h5 39. e5 fxe5 40. fxe5 Re7 41. e6 Kf6 42. Qf3+ Kxe6 43. Qe4+ Kf7 44. Qd5+ Kg7 45. Qg5 Re3+ 46. Kf2 Rxd3 47. Qe5+ Kh7 48. Qc7+ Kg8 49. Qc8+ Kg7 50. Qc7+ Kh6 51. Qf4+ Kg7 52. Qe5+ Kf7 53. Qc7+ Be7 54. Qf4+ Kg7 55. Qe5+ Bf6 56. Qc7+ Kh6 57. Qf4+ Kh7 58. Qc7+ Bg7 59. Qxb6 Rd2+ 60. Kf3 Rxh2 61. Qd6 Rh3+ 62. Ke4 Re3+ 63. Kf4 Be5+ 0-1

[Event "Trophee Roza Lallemand Online"]
[Site "Tornelo INT"]
[Date "2020.12.13"]
[Round "8"]
[White "Szubert, Emma"]
[Black "Malry, Celia"]
[Result "0-1"]
[WhiteElo "1232"]
[BlackElo "1562"]
[PlyCount "66"]
[EventDate "2020.12.13"]
[EventType "swiss (rapid)"]
[EventRounds "9"]
[EventCountry "USA"]
[SourceTitle "EXT 2022"]
[Source "ChessBase"]
[SourceDate "2021.10.06"]
[SourceVersion "1"]
[SourceVersionDate "2021.10.06"]
[SourceQuality "1"]

1. e4 g6 2. d4 Bg7 3. Nf3 d6 4. h3 Nf6 5. Bg5 Nxe4 6. Be3 0-0 7. Bd3 Nf6 8. Nc3 Re8 9. Bc4 e5 10. Ng5 Rf8 11. dxe5 Ne8 12. exd6 Nxd6 13. Bb3 h6 14. Nge4 Nxe4 15. Qxd8 Rxd8 16. Nxe4 Bf5 17. Nc5 b6 18. g4 Bc8 19. Nd3 Bb7 20. 0-0 Nd7 21. Bf4 c5 22. Rfe1 Ba6 23. Ne5 g5 24. Nc6 gxf4 25. Nxd8 Rxd8 26. Re7 c4 27. Bxc4 Bxc4 28. c3 Be6 29. Rd1 Bf6 30. Rxe6 fxe6 31. Rd6 Kf7 32. Kg2 Ne5 33. Rxd8 Bxd8 0-1

[Event "Angers op 12th"]
[Site "Angers"]
[Date "2017.05.27"]
[Round "3"]
[White "Sohier, Julien"]
[Black "Malry, Celia"]
[Result "1-0"]
[WhiteElo "2280"]
[BlackElo "1515"]
[PlyCount "55"]
[EventDate "2017.05.26"]
[EventType "swiss"]
[EventRounds "6"]
[EventCountry "FRA"]
[SourceTitle "CBM 178 Extra"]
[Source "ChessBase"]
[SourceDate "2017.06.22"]
[SourceVersion "1"]
[SourceVersionDate "2017.06.22"]
[SourceQuality "1"]

1. e4 g6 2. h4 h5 3. d4 Bg7 4. Nc3 d6 5. Be3 Nc6 6. Bc4 e6 7. Qd2 Bd7 8. 0-0-0 Qe7 9. Nb5 0-0-0 10. d5 Ne5 11. Nxa7+ Kb8 12. Be2 exd5 13. exd5 Bh6 14. Nb5 Bxe3 15. Qxe3 Bxb5 16. Bxb5 Ng4 17. Qd2 Qf6 18. f3 Ne5 19. Ne2 Ne7 20. Qa5 Nd7 21. Rd3 Nb6 22. Ra3 Nec8 23. Rd1 Qe5 24. Nd4 Rhe8 25. Nc6+ bxc6 26. Bxc6 Qf4+ 27. Kb1 Qc4 28. Qa8+ 1-0

[Event "Morbihan-ch 1213"]
[Site "France"]
[Date "2013.01.19"]
[Round "4"]
[White "Malry, Celia"]
[Black "Orgel, Jean Marc"]
[Result "1-0"]
[WhiteElo "1610"]
[BlackElo "1260"]
[PlyCount "65"]
[EventDate "2012.10.27"]
[EventType "swiss"]
[EventRounds "7"]
[EventCountry "FRA"]
[SourceTitle "EXT 2014"]
[Source "ChessBase"]
[SourceDate "2013.11.20"]
[SourceVersion "1"]
[SourceVersionDate "2013.11.20"]
[SourceQuality "1"]

1. c4 e6 2. Nc3 Nf6 3. e3 d5 4. d4 Nc6 5. a3 Be7 6. g3 Bd7 7. b3 b6 8. Bg2 0-0 9. Nge2 dxc4 10. bxc4 Rb8 11. 0-0 Bd6 12. Qc2 g6 13. Bb2 Na5 14. Nb5 Bxb5 15. cxb5 Rc8 16. Rac1 Nd7 17. Rfd1 Re8 18. Nf4 f5 19. Nxe6 Qe7 20. Nf4 Bxf4 21. exf4 Nf6 22. Qc3 Qg7 23. d5 Nh5 24. Qxg7+ Nxg7 25. Be5 c5 26. dxc6 Nb3 27. Bd5+ Kh8 28. Bxb3 h6 29. Rd7 Rxe5 30. fxe5 Ne8 31. c7 Rxc7 32. Rcxc7 Nxc7 33. Rxc7 1-0

[Event "Morbihan-ch 1112"]
[Site "Morbihan"]
[Date "2011.10.08"]
[Round "1.13"]
[White "Pouliquen, Alain"]
[Black "Malry, Celia"]
[Result "1-0"]
[WhiteElo "1724"]
[BlackElo "1480"]
[PlyCount "98"]
[EventDate "2011.10.08"]
[EventType "swiss"]
[EventRounds "7"]
[EventCountry "FRA"]
[SourceTitle "EXT 2014"]
[Source "ChessBase"]
[SourceDate "2013.11.20"]
[SourceVersion "1"]
[SourceVersionDate "2013.11.20"]
[SourceQuality "1"]

1. d4 d5 2. Nf3 h6 3. c4 Nf6 4. Nc3 e6 5. Bf4 Bb4 6. e3 b6 7. Qa4+ Bd7 8. Qxb4 Nc6 9. Qa3 Ne7 10. Ne5 0-0 11. Nxd7 Qxd7 12. Bd3 Rfc8 13. 0-0 c5 14. dxc5 dxc4 15. Bxc4 Rxc5 16. Rfd1 Qc6 17. Rd6 Qe8 18. Be2 Nf5 19. Rd2 a5 20. Na4 Rd5 21. Rxd5 Nxd5 22. Bf3 Rc8 23. Bxd5 exd5 24. Nxb6 Rc2 25. Qa4 Qe4 26. Qxe4 dxe4 27. Be5 Ne7 28. Bc3 Nc6 29. Nc4 a4 30. Kf1 Nb4 31. Na3 Rxc3 32. bxc3 Nd3 33. Rd1 Nc5 34. Rd5 Ne6 35. Re5 Ng5 36. Rxg5 hxg5 37. Ke2 Kf8 38. c4 Ke7 39. Kd2 Kd6 40. Kc3 Kc5 41. Nb5 g6 42. Nd4 g4 43. Ne2 f6 44. Nf4 g5 45. Ne2 f5 46. Ng3 f4 47. Nxe4+ Kc6 48. Nxg5 fxe3 49. fxe3 Kc5 1-0